[Event "KM WGP 2016"]
[Site "Khanty-Mansiysk RUS"]
[Date "2016.11.30"]
[Round "10.3"]
[White "Pogonina, Natalija"]
[Black "Zhukova, Natalia"]
[Result "1/2-1/2"]
[WhiteTitle "WGM"]
[BlackTitle "GM"]
[WhiteElo "2492"]
[BlackElo "2448"]
[WhiteFideId "4147855"]
[BlackFideId "14101513"]
[EventDate "2016.11.19"]

1. d4 d5 2. c4 c6 3. e3 Nf6 4. Nc3 e6 5. Nf3 Nbd7 6. Qc2 Bd6 7. Bd3 O-O 8. O-O
e5 9. cxd5 cxd5 10. e4 exd4 11. Nxd5 Nxd5 12. exd5 h6 13. Rd1 Ne5 14. Nxd4 Bg4
15. Be2 Re8 16. Bf4 Rc8 17. Qb3 Qf6 18. Bg3 h5 19. Bxg4 Nxg4 20. Qf3 Bxg3 21.
hxg3 Rcd8 22. Qxf6 Nxf6 23. Nb5 Rxd5 24. Rxd5 Nxd5 25. Kf1 a6 26. Nd6 Re7 27.
Rc1 Nb4 28. a3 Nd3 29. Rb1 Rc7 30. Ke2 Nc1+ 31. Ke3 Nb3 32. Rd1 b5 33. Ke4 1/2-1/2

[Event "KM WGP 2016"]
[Site "Khanty-Mansiysk RUS"]
[Date "2016.11.30"]
[Round "10.4"]
[White "Khademalsharieh, Sarasadat"]
[Black "Girya, Olga"]
[Result "1/2-1/2"]
[WhiteTitle "IM"]
[BlackTitle "WGM"]
[WhiteElo "2435"]
[BlackElo "2450"]
[WhiteFideId "12512214"]
[BlackFideId "4195752"]
[EventDate "2016.11.19"]

1. d4 Nf6 2. c4 e6 3. Nf3 d5 4. Nc3 c6 5. e3 Nbd7 6. Qc2 Bd6 7. Bd3 O-O 8. O-O
dxc4 9. Bxc4 e5 10. Rd1 Qe7 11. h3 e4 12. Ng5 Nb6 13. Bb3 Bf5 14. f3 Nbd5 15.
Ncxe4 Nxe4 16. Nxe4 Rae8 17. Qf2 Bxe4 18. fxe4 Qxe4 19. Bc2 Bg3 20. Qe2 Qh4 21.
Rf1 g6 22. Qf3 f5 23. Bd2 Bc7 24. Bb3 Rd8 25. Be1 Qe7 26. Bg3 Bxg3 27. Qxg3 Kh8
28. Bxd5 Rxd5 29. Rac1 Re8 30. Rc3 Rd6 31. Rf3 Re6 32. a3 Re4 33. Kh2 a5 34. Kg1
Qd7 35. Rc5 Qd8 36. Qf2 R4e6 1/2-1/2

[Event "KM WGP 2016"]
[Site "Khanty-Mansiysk RUS"]
[Date "2016.11.30"]
[Round "10.5"]
[White "Skripchenko, Almira"]
[Black "Khotenashvili, Bela"]
[Result "1/2-1/2"]
[WhiteTitle "IM"]
[BlackTitle "GM"]
[WhiteElo "2455"]
[BlackElo "2426"]
[WhiteFideId "13900145"]
[BlackFideId "13602640"]
[EventDate "2016.11.19"]

1. e4 e5 2. Nf3 Nc6 3. Bc4 Nf6 4. d3 Be7 5. O-O O-O 6. a4 d5 7. exd5 Nxd5 8. Re1
Bg4 9. h3 Bh5 10. g4 Bg6 11. Nxe5 Nxe5 12. Rxe5 c6 13. Qf3 Bd6 14. Re2 Kh8 15.
Bxd5 cxd5 16. Nc3 d4 17. Ne4 f5 18. Nxd6 Qxd6 19. Bg5 fxg4 20. Qxg4 Rae8 21.
Rae1 Rxe2 22. Rxe2 Qd5 23. Re7 Re8 24. b3 h6 25. Bh4 Rxe7 26. Bxe7 Bf5 27. Qg3
Qc6 28. Bf8 Qd7 29. Kh2 Kg8 30. Ba3 Qd5 31. Bd6 Bd7 32. Be5 g5 33. h4 Bc6 34. f3
Qxf3 35. Qxf3 Bxf3 36. hxg5 hxg5 37. Bxd4 Bd1 38. Bxa7 Bxc2 39. Be3 1/2-1/2

[Event "KM WGP 2016"]
[Site "Khanty-Mansiysk RUS"]
[Date "2016.11.30"]
[Round "10.6"]
[White "Gunina, Valentina"]
[Black "Harika, Dronavalli"]
[Result "1/2-1/2"]
[WhiteTitle "GM"]
[BlackTitle "GM"]
[WhiteElo "2525"]
[BlackElo "2543"]
[WhiteFideId "4167570"]
[BlackFideId "5015197"]
[EventDate "2016.11.19"]

1. d4 Nf6 2. c4 e6 3. Nf3 d5 4. g3 Be7 5. Bg2 O-O 6. O-O dxc4 7. Ne5 Nc6 8. Bxc6
bxc6 9. Nxc6 Qe8 10. Nxe7+ Qxe7 11. Nc3 Rd8 12. Qa4 c5 13. dxc5 Qxc5 14. Be3 Qc7
15. Bg5 Bb7 16. Bxf6 gxf6 17. Rfd1 a6 18. Rac1 f5 19. Qb4 Rab8 20. Rxd8+ Rxd8
21. Kf1 f4 22. b3 Rd4 23. gxf4 Rxf4 24. e3 Rf5 25. Rc2 Bf3 26. Rd2 Qxh2 27. Rd8+
Kg7 28. Qf8+ Kg6 29. Qg8+ Kh6 30. Ke1 cxb3 31. axb3 Qe5 32. Rd4 Qg7 33. Rh4+ Bh5
34. Qxg7+ Kxg7 35. Ra4 a5 36. f4 Bg6 37. Ne2 Rc5 38. Nd4 e5 39. fxe5 Rxe5 40.
Kf2 Rc5 41. Kg3 h5 42. Kf4 Kh6 43. Ra2 Rg5 44. Kf3 Rc5 45. Kf4 Kh7 46. Kf3 Kg7
47. Ra1 Kh6 48. Ra2 Rg5 49. Nc6 Rg4 50. Ra4 Rxa4 51. bxa4 Bc2 52. Kf4 Bxa4 53.
Nxa5 Bd7 54. Nc4 Be6 55. Ne5 Kg7 56. Nf3 Kf6 57. e4 Bg4 58. e5+ Ke7 59. Ng5 Bd1
60. Ne4 Bc2 61. Ng5 Bg6 62. Kg3 Kd7 63. Kf4 Kc6 64. Nf3 Kd5 65. Ng5 Kd4 66. Nf3+
Kc5 67. Ng5 Kc4 68. e6 fxe6 69. Nxe6 Kd3 70. Kg5 Bf7 71. Nf4+ Ke3 72. Nxh5 Bxh5
73. Kxh5 1/2-1/2

[Event "KM WGP 2016"]
[Site "Khanty-Mansiysk RUS"]
[Date "2016.12.01"]
[Round "11.1"]
[White "Harika, Dronavalli"]
[Black "Skripchenko, Almira"]
[Result "1-0"]
[WhiteTitle "GM"]
[BlackTitle "IM"]
[WhiteElo "2543"]
[BlackElo "2455"]
[WhiteFideId "5015197"]
[BlackFideId "13900145"]
[EventDate "2016.11.19"]

1. c4 Nf6 2. g3 g6 3. Bg2 Bg7 4. Nc3 O-O 5. d4 d6 6. Nf3 Nc6 7. O-O e5 8. dxe5
dxe5 9. Qxd8 Rxd8 10. Bg5 Be6 11. Nd2 h6 12. Bxf6 Bxf6 13. Nde4 Be7 14. Nd5 Bxd5
15. cxd5 Nb4 16. Nc3 c6 17. dxc6 Nxc6 18. Bxc6 bxc6 19. Rfd1 f5 20. Kf1 Kf7 21.
Rdc1 Rd2 22. Na4 Rd4 23. Nc5 Rb8 24. b3 e4 25. Rc2 Bxc5 26. Rxc5 Rb6 27. Rac1
Rd6 28. h4 h5 29. R1c2 Ke6 30. Kg2 Kd7 31. f3 exf3+ 32. Kxf3 Re6 33. Rd2+ Kc7
34. Ra5 Rb7 35. Ra4 Kc8 36. Rad4 Rbe7 37. Rd6 Kc7 38. Rxe6 Rxe6 39. Rd4 a5 40.
e3 Kb6 41. Kf4 Kc5 42. a3 Kb5 43. Kf3 Kb6 44. Rc4 Rd6 45. Ke2 c5 46. Rc3 Re6 47.
Rd3 Kb5 48. Rd8 Re4 49. Rb8+ Kc6 50. Rg8 Rg4 51. Kf3 Kb7 52. Rg7+ Kb6 53. a4 Kc6
54. Ra7 Kb6 55. Re7 Kc6 56. Re6+ Kb7 57. e4 g5 58. exf5 gxh4 59. gxh4 Kc7 60.
Re4 Rg1 61. Kf2 Rg8 62. f6 Kd6 63. f7 Rf8 64. Rf4 Ke6 65. Ke3 Rxf7 66. Rxf7 Kxf7
67. Kd3 Kf6 68. Kc4 Kf5 69. Kb5 1-0

[Event "KM WGP 2016"]
[Site "Khanty-Mansiysk RUS"]
[Date "2016.12.01"]
[Round "11.2"]
[White "Khotenashvili, Bela"]
[Black "Khademalsharieh, Sarasadat"]
[Result "1/2-1/2"]
[WhiteTitle "GM"]
[BlackTitle "IM"]
[WhiteElo "2426"]
[BlackElo "2435"]
[WhiteFideId "13602640"]
[BlackFideId "12512214"]
[EventDate "2016.11.19"]

1. d4 Nf6 2. c4 e6 3. g3 d5 4. Nf3 dxc4 5. Bg2 Bd7 6. Ne5 Bc6 7. Nxc6 Nxc6 8.
O-O Qd7 9. e3 O-O-O 10. Nd2 e5 11. Nxc4 exd4 12. Qa4 Nd5 13. exd4 f6 14. Rd1 h5
15. a3 h4 16. Qc2 hxg3 17. hxg3 g5 18. b4 Nce7 19. Bb2 Kb8 20. Rac1 Bg7 21. Qb3
Rh5 22. Ne3 Nxe3 23. Qxe3 Nd5 24. Qb3 g4 25. b5 f5 26. Rc5 f4 27. Rxd5 Rxd5 28.
Qxd5 Qxd5 29. Bxd5 Rxd5 30. gxf4 Rxb5 31. Bc1 Rd5 32. Kg2 c5 33. Kg3 Rxd4 34.
Re1 c4 35. Kxg4 c3 36. Kf5 Rd7 37. Ke6 Kc7 38. f5 Kc6 39. Bf4 Rd4 40. Be3 Rd6+
41. Kf7 Rd7+ 42. Kg6 Bf8 43. Bc1 Rg7+ 44. Kf6 Rg2 45. f4 b5 46. Kf7 Bd6 47. f6
a5 48. Ke6 Rg8 49. f7 Rb8 50. f5 b4 51. axb4 axb4 52. Re3 Bc5 53. Rg3 Kb5 54.
Rg8 Rb6+ 55. Kd5 Rd6+ 56. Ke5 Rd1 57. Rc8 Re1+ 58. Be3 Bxe3 59. Kf6 Bd4+ 60. Kg6
Rg1+ 61. Kh6 b3 62. Kh5 Bg7 63. f6 Rh1+ 64. Kg6 Bh6 65. Rxc3 Ka4 66. Rc8 b2 67.
Ra8+ Kb3 68. Rb8+ Kc3 69. Rc8+ Kd2 70. Rb8 Kc2 71. Rc8+ Kd3 1/2-1/2

[Event "KM WGP 2016"]
[Site "Khanty-Mansiysk RUS"]
[Date "2016.12.01"]
[Round "11.3"]
[White "Ju, Wenjun"]
[Black "Pogonina, Natalija"]
[Result "1/2-1/2"]
[WhiteTitle "GM"]
[BlackTitle "WGM"]
[WhiteElo "2580"]
[BlackElo "2492"]
[WhiteFideId "8603006"]
[BlackFideId "4147855"]
[EventDate "2016.11.19"]

1. d4 Nf6 2. c4 e6 3. g3 d5 4. Nf3 Bb4+ 5. Bd2 Be7 6. Bg2 O-O 7. O-O Nbd7 8. Qc2
c6 9. Rd1 a5 10. b3 b6 11. Bc3 Bb7 12. Nbd2 c5 13. Ne5 cxd4 14. Bxd4 Nxe5 15.
Bxe5 Qc8 16. Qb2 dxc4 17. Bxb7 Qxb7 18. bxc4 Rfd8 19. Rab1 Qc6 20. Bd4 Rab8 21.
Rdc1 Ba3 22. Qxa3 Rxd4 23. Qb2 Rbd8 24. Nf3 R4d6 25. Qb5 Qe4 26. c5 bxc5 27.
Qxc5 h6 28. Rb2 Rd5 29. Qc2 Qxc2 30. Rcxc2 Ne4 31. Kg2 1/2-1/2

[Event "KM WGP 2016"]
[Site "Khanty-Mansiysk RUS"]
[Date "2016.12.01"]
[Round "11.5"]
[White "Girya, Olga"]
[Black "Batsiashvili, Nino"]
[Result "1/2-1/2"]
[WhiteTitle "WGM"]
[BlackTitle "IM"]
[WhiteElo "2450"]
[BlackElo "2489"]
[WhiteFideId "4195752"]
[BlackFideId "13602993"]
[EventDate "2016.11.19"]

1. d4 Nf6 2. c4 e6 3. Nc3 Bb4 4. e3 O-O 5. Bd3 d5 6. Ne2 dxc4 7. Bxc4 e5 8. O-O
Nc6 9. h3 a6 10. a3 Bd6 11. b4 Bf5 12. d5 Ne7 13. Ng3 e4 14. Bb2 Be5 15. Qc2 Qc8
16. Nce2 Bxg3 17. Nxg3 Nexd5 18. Rfd1 c6 19. Rd2 Bg6 20. Rad1 h5 21. Qb1 h4 22.
Ne2 Qf5 23. Qa1 Nb6 24. Bxf6 Qxf6 25. Qxf6 gxf6 26. Bb3 a5 27. Nf4 Kg7 28. Rd4
Rfe8 29. Rb1 a4 30. Bc2 Rad8 31. Rbd1 Rxd4 32. Rxd4 f5 33. Ne2 Kf8 34. Nc3 Ra8
35. f3 Ke7 36. Kf2 Rc8 37. Ne2 Rd8 38. Rxd8 Kxd8 39. Nc3 Nc4 40. Bxa4 Nxa3 41.
Bb3 b5 42. fxe4 fxe4 43. g3 Ke7 44. gxh4 f5 45. Kg3 Kf6 46. Ne2 Nc4 47. Bxc4
bxc4 48. Kf2 Bh5 49. Nd4 c3 50. Ke1 f4 51. exf4 e3 52. Nc2 Kf5 53. Nxe3+ Kxf4
54. Ng4 Bxg4 55. hxg4 Kxg4 56. Kd1 Kxh4 57. Kc2 Kg5 58. Kxc3 Kf6 59. Kd4 Ke6 60.
Kc5 Kd7 61. b5 cxb5 62. Kxb5 1/2-1/2

[Event "KM WGP 2016"]
[Site "Khanty-Mansiysk RUS"]
[Date "2016.12.01"]
[Round "11.6"]
[White "Zhukova, Natalia"]
[Black "Javakhishvili, Lela"]
[Result "1/2-1/2"]
[WhiteTitle "GM"]
[BlackTitle "IM"]
[WhiteElo "2448"]
[BlackElo "2461"]
[WhiteFideId "14101513"]
[BlackFideId "13601458"]
[EventDate "2016.11.19"]

1. d4 Nf6 2. Bf4 d5 3. e3 c5 4. Nf3 Nc6 5. c3 Qb6 6. Qb3 c4 7. Qc2 Bf5 8. Qc1 h6
9. Nbd2 Rc8 10. Be2 e6 11. O-O Be7 12. Bd1 O-O 13. h3 Qd8 14. Bc2 b5 15. Re1 b4
16. g4 Bxc2 17. Qxc2 Bd6 18. Bxd6 Qxd6 19. e4 Qf4 20. e5 Nh7 21. Nh4 Qg5 22. Ng2
f5 23. exf6 Qxf6 24. f4 g5 25. Rf1 gxf4 26. Rxf4 Qg7 27. Raf1 Ng5 28. Kh2 bxc3
29. bxc3 Ne7 30. Rxf8+ Rxf8 31. Nf4 Rf7 32. Qb1 Qf8 33. Kg3 Qc8 34. Ng6 Qc7+ 35.
Kg2 Rxf1 36. Kxf1 Nc6 37. Kg2 Qf7 38. Ne5 Nxe5 39. Qb8+ Kh7 40. Qxe5 Qg6 41.
Qc7+ Nf7 42. Nf3 Kg8 1/2-1/2